Jing shen de xiao yao : Mei Mosheng mei shu lun ping ji /
Disimpan dalam:
| Pengarang Utama: | |
|---|---|
| Format: | Buku |
| Bahasa: | Chinese |
| Diterbitkan: |
[Hefei Shi] :
Anhui mei shu chu ban she : Anhui Sheng xin hua shu dian fa xing,
1998.
|
| Edisi: | Di 1 ban. |
| Subjek-subjek: | |
| Penanda-penanda: |
Tambah Penanda
Tiada Penanda, Jadilah orang pertama menanda rekod ini!
|
| LEADER | 01178nam a2200325La 4500 | ||
|---|---|---|---|
| 001 | 008224924-5 | ||
| 005 | 20021206154428.0 | ||
| 008 | 011012s1998 cc af b 000 0 chi d | ||
| 020 | |a 7539806222 | ||
| 035 | 0 | |a ocm48424924 | |
| 040 | |a YUS |c YUS |d HMY | ||
| 043 | |a a-cc--- | ||
| 090 | |a N7340 |b .M45 1998x | ||
| 100 | 1 | |6 880-01 |a Mei, Mosheng. | |
| 245 | 1 | 0 | |6 880-02 |a Jing shen de xiao yao : |b Mei Mosheng mei shu lun ping ji / |c [Mei Mosheng zhu]. |
| 246 | 3 | 0 | |6 880-03 |a Mei Mosheng mei shu lun ping ji |
| 250 | |6 880-04 |a Di 1 ban. | ||
| 260 | |6 880-05 |a [Hefei Shi] : |b Anhui mei shu chu ban she : |b Anhui Sheng xin hua shu dian fa xing, |c 1998. | ||
| 300 | |a 471 p., [22] p. of plates : |b ill. (some col.) ; |c 21 cm. | ||
| 504 | |a Includes bibliographical references. | ||
| 650 | 0 | |a Art |z China. | |
| 650 | 0 | |a Painting, Chinese. | |
| 880 | 1 | |6 100-01 |a 梅墨生. | |
| 880 | 1 | 0 | |6 245-02 |a 精神的逍遥 : |b 梅墨生美术论评集 / |c [梅墨生著]. |
| 880 | 3 | 0 | |6 246-03 |a 梅墨生美术论评集 |
| 880 | |6 250-04 |a 第1版. | ||
| 880 | |6 260-05 |a [合肥市] : |b 安徽美术出版社 : |b 安徽省新华书店发行, |c 1998. | ||
| 988 | |a 20021206 | ||
| 049 | |a HMYC | ||
| 906 | |0 OCLC | ||


